1010 1724 1870 1151 1216 1874 1303 1779 1819 1489 1807 1967 1563 1136 1439 1854 1631 1379 1023 1790 1311 1148 1350 1269 1209 1108 1432 1126 1285 1050 1049 1173 1481 1182 1083 1744 1635 1009 1819 1153 1037 1043 1336 1466 1431 1345 1420 1162 1070 1404 1316 1549 1039 1936 1839 1887 1349 1346 1098 1306 1327 1011 1169 1648 1518 1394 1200 1785 1503 1098 1809 1217 1914 1844 1375 1542 1802 1449 1727 1211 1149 1078 1549 1589 1583 1394 1671 1550 1174 1597 1544 1251 1693 1316 1798 1664 1133 1295 1605 BCNSPRNW ULIB Ver.6.0+V

เปลี่ยนเป็นภาษาไทย

Change to English
 แสดงรายละเอียดบรรณานุกรม
  กลับหน้าหลัก

Brief Record : Get Marc (ISO 2709) : E-mail record : QR code < ปิดหน้าต่าง
LEADER : 00000nam 2200000uu 4500
001    13399112324
003     ULIB
008    110627s||||||||th 000 0 tha d
020    9786160603626
090    นว.^bจ757P มปป.
100 0  เจ้าปลาน้อย
245 00 Pandora-Z...ซ่อนรักไว้เป็นความลับ/^cเจ้าปลาน้อย
260    กรุงเทพฯ :^bแจ่มใส,^cมปป.
300    180 หน้า
710 1  แจ่มใส
945    ^p139^l0^i030391
995    ทศพร
999 ^a ใช้งานได้ทุกระบบ
รายการนี้ยังไม่มีแท็ก
คุณยังไม่ได้ล็อกอิน คุณสามารถมีกิจกรรมร่วมกับเว็บไซต์ได้ แต่ต้องล็อกอินก่อน ::
  ล็อกอิน

รายการสื่อสารสนเทศ

ลำดับที่ ประเภท เลขเรียก/บาร์โค้ด สถานที่ สถานะ
- ไม่พบข้อมูล -

รายการใกล้เคียง
    ผู้แต่ง [เจ้าปลาน้อย]

BibComment


ยังไม่เคยถูกคอมเมนท์

คอมเมนท์ทรัพยากรรายการนี้
  คอมเมนท์: PandoraZซ่อนรักไว..


 Copyright 2026. Bcnsprnw @Library